Diálogo Centroamericano /
Gardado en:
| Autor Corporativo: | |
|---|---|
| Formato: | Libro |
| Idioma: | Spanish |
| Publicado: |
San José, Costa Rica
Fundación Arias para la Paz y el Progreso Humano
|
| Materias: | |
| Etiquetas: |
Engadir etiqueta
Sen Etiquetas, Sexa o primeiro en etiquetar este rexistro!
|
MARC
| LEADER | 00000nam a2200000 4500 | ||
|---|---|---|---|
| 003 | CRAI/IIS | ||
| 005 | 20231010113158.0 | ||
| 007 | ta | ||
| 008 | 161110| es ||||| |||| 00| 0 spa d | ||
| 022 | |2 00141445 | ||
| 040 | |c CRAI/IIS |a Centro de Recursos para el Aprendizaje y la Investigación |b Español |d CRAI/IIS | ||
| 090 | |a REV1310 | ||
| 110 | 1 | |a Fundación Arias para la Paz y el Progreso Humano |9 6520 | |
| 245 | 1 | |a Diálogo Centroamericano / |c Fundación Arias para la Paz y el Progreso Humano | |
| 260 | |a San José, Costa Rica |b Fundación Arias para la Paz y el Progreso Humano | ||
| 270 | |b San José |d Costa Rica |e Apartado postal 8-6410-1000 |k (506) 255-2955 / Fax (506) 255-2244 |m dialogo@arias.or.cr | ||
| 500 | |a EXISTENCIAS : REV1310 (45) 2001 REV1310 (44) 2001 REV1310 (43) 2001 REV1310 (42) 1999 REV1310 (41) 1999 REV1310 (40) 1999 REV1310 (39) 1999 REV1310 (38) 1999 REV1310 (37) 1999 REV1310 (36) 1999 REV1310 (35) 1998 REV1310 (34) 1998 REV1310 (33) 1998 REV1310 (32) 1998 REV1310 (31) 1998 REV1310 (30) 1998 REV1310 (29) 1998 REV1310 (28) 1998 REV1310 (27) 1998 REV1310 (26) 1997 REV1310 (25) 1997 REV1310 (24) 1997 REV1310 (23) 1997 REV1310 (22) 1997 REV1310 (21) 1997 REV1310 (20) 1997 REV1310 (19) 1997 REV1310 (18) 1997 REV1310 (17) 1997 REV1310 (15) 1996 REV1310 (14) 1996 REV1310 (13) 1996 REV1310 (12) 1996 REV1310 (11) 1996 esp REV1310 (9) 1996 | ||
| 500 | |a Colección Centroamérica | ||
| 650 | 1 | 0 | |9 2802 |a RELACIONES GOBIERNO FUERZAS ARMADAS |
| 650 | 1 | 4 | |a POLITICA ECONOMICA |9 2655 |
| 650 | 4 | |9 1934 |a MILITARISMO | |
| 650 | 0 | |9 533 |a CONDICIONES SOCIALES | |
| 650 | 1 | 0 | |9 2091 |a SOCIEDAD CIVIL |
| 650 | 1 | 0 | |9 243 |a ESTADO |
| 651 | 1 | 0 | |9 308 |a CENTROAMERICA |
| 942 | |2 ddc |c PP | ||
| 999 | |c 43638 |d 43638 | ||
